| 000 | 00568nam a22001697a 4500 | ||
|---|---|---|---|
| 003 | OSt | ||
| 005 | 20260115064526.0 | ||
| 008 | 260115b |||||||| |||| 00| 0 eng d | ||
| 020 | _a971-08-6139-5 | ||
| 040 |
_aDWC-Main Lib. _cOC |
||
| 082 | _aFil. 657.22 H224t 2001 | ||
| 100 | _aHarina, Richardo M. | ||
| 245 |
_aTheory of accounts : _bcomprehensive daily review and self-test for CPA reviewees/ _cRichardo M. Harina |
||
| 260 |
_aMandaluyong City, Philippines : _bNational Book Store, _cc2001. |
||
| 300 |
_a247 p. : _c25 cm. |
||
| 942 |
_2ddc _cBK - FIL _hFil. _n0 |
||
| 999 |
_c7434 _d7434 |
||